| 000 | 00653nam a2200205 4500 | ||
|---|---|---|---|
| 001 | 121343 | ||
| 003 | ES-MaACL | ||
| 005 | 20250813050620.0 | ||
| 007 | t| | ||
| 008 | 070214s1974 sp r ||||1| spa d | ||
| 100 | 1 |
_aPopper, Karl Raimund. _993108 |
|
| 245 | 1 | 0 |
_aConocimiento objetivo _b: un enfoque evolucionista / _cKarl R. Popper ; traducción de Carlos Solís Santos. |
| 260 |
_aMadrid : _bTecnos, _c1974. |
||
| 300 |
_a342 p. ; _c24 cm. |
||
| 490 | 1 | _aEstructura y función | |
| 700 | 1 |
_aSolís Santos, Carlos, _d1945- _9107220 |
|
| 830 | 0 |
_aEstructura y función _9181428 |
|
| 852 |
_aES-MaACL _jE-9127 _bR.93450 |
||
| 999 |
_c121343 _d121343 |
||